000 00413nam a2200181Ia 4500
001 10635
005 20260306161846.0
008 260306t1986||||xx |||||||||||||| ||spa||
041 _aESP
082 _a946
_bH59
100 _aAróstegui, Julio
_eAUT
245 0 _aHistoria de España
260 _c1986
300 _a1303 páginas :
_c24 cm.
650 _aGEN
654 _aCHU
942 _cLIB
_dJUS
_fJUS
_2ddc
_n
999 _c10635
_d10635